000 00498cam a2200193ua 4500
001 5258
008 120812n enk |||gr||||Z||||||eng
020 _a0-19-501615-7
040 _cMAIN
082 _a821
100 _aBloom, Harold,
_eAuthor,
245 1 1 _aRomantic poetry and prose
_cby Harold Bloom
250 _a1st.
260 _aLondon:
_bNew York oxford university press.
300 _axvi; 813p:
_c23cm.
653 _aEnglish poetry
700 _aTrilling, Lionel,
_eAuthor,
942 _cBK
999 _c4440
_d4440